000 00506nam a2200181Ia 4500
008 240729s9999 xx 000 0 und d
022 _a2575-8314
245 0 _aPeople and Nature
260 _aUnited Kingdom
260 _bWiley
650 _a Biology (General)
650 _a Ecology
650 _a Human ecology. Anthropogeography | Science
650 _aGeography. Anthropology. Recreation
856 _uhttps://doaj.org/toc/a06eca27a49a4589a0e067d4f405ca17
942 _2ddc
942 _cDOAJEJ
999 _c72550
_d72550
945 _a1
_bMadushi Gamage
_c1
_dMadushi Gamage